000 01021nam0a2200313 i 4500
001 RU\NLR\BIBL_A\011469181
005 20240921160214.0
010 _a9785448543395
021 _aRU
_b2017-60098
_94254
035 _a(RuMoRGB)008962750
035 _a(NLR Aleph) 011469181
090 _a11845662
_c11845662
100 _a20170911d2017 u y0rusy50 ca
101 0 _arus
102 _aRU
105 _ay|||z|||000ay
200 1 _aСашкины заботы
_eрассказы для детей и их родителей
_fИв Вас
210 _a[Б. м.]
_cИздательские решения
_d2017
215 _a79, [1] с.
_d21
327 1 _aСодерж.: разделы: Сашкины заботы; Добрые дела
333 _a6+
686 _aШ5(2=Р)64-644
_2rubbk
686 0 _aШ9(2)62=Р7-4
700 1 _7ca
_8rus
_aИв Вас
_cпсевдоним
_9179699
_3RU\NLR\AUTH\770179750
942 _cBOOK
980 _aNBR